Famous Elizabeths - Statistics

General Stats
  • This quiz has been taken 29 times
  • The average score is 10 of 25
Answer Stats
Hint Answer % Correct
This Hollywood actress famously married Richard Burton twice Elizabeth Taylor
96%
First Lady of the United States from 1974 to 1977 Betty Ford
77%
Few dispute that this shortest-serving British Prime Minister's premiership was anything other than disastrous Liz Truss
73%
In 1892, this Massachusetts woman was tried, but subsequently acquitted, of the murders of her father and stepmother using an axe Lizzie Borden
69%
American comedy star famed for her role as Rose Nylund in The Golden Girls Betty White
62%
Canadian-American businesswoman who built one of the largest cosmetics empires in North America Elizabeth Arden
58%
Progressive senator who ran for the Democratic presidential primaries in 2020 Elizabeth Warren
58%
Had her husband won the 1996 US election, she would have become First Lady of the United States Elizabeth Dole
50%
American actress who played the title role in the MCU series WandaVision Elizabeth Olsen
50%
English actress and model who starred as Vanessa Kensington in Austin Powers: International Man of Mystery Elizabeth Hurley
42%
This former Republican congresswoman, the daughter of a former US Vice-President, notably supported the second impeachment of Donald Trump after the attempted January 6th insurrection Liz Cheney
42%
Feminist author of "The Feminine Mystique" Betty Friedan
38%
American actress recognised for her striking eyes Bette Davis
35%
American actress who appeared as Effie Trinket in The Hunger Games Elizabeth Banks
35%
Victorian poet who campaigned for the abolition of slavery and child labour Elizabeth Barrett Browning
35%
American actress and pin-up girl of the 1940s and '50s who starred in How to Marry a Millionaire Betty Grable
31%
This American actress was nominated for an Oscar for her role in Leaving Las Vegas Elisabeth Shue
31%
American actress who achieved recognition for her role as Peggy Olsen in Mad Men Elisabeth Moss
23%
British comedy actress who appeared in The Vicar of Dibley, The Royle Family and the period drama Lark Rise to Candleford Liz Smith
23%
The first woman in British political history to serve as Speaker of the House of Commons Betty Boothroyd
19%
English footballer who won the Golden Boot at the 2022 UEFA Women's Euros Beth Mead
15%
English novelist who wrote Cranford and North and South Elizabeth Gaskell
15%
Australian actress who featured as Princess Diana in The Crown Elizabeth Debicki
12%
Queen Consort of England under Edward IV who subsequently helped Henry VII secure the English throne Elizabeth Woodville
8%
American fashion designer whose eponymous company now trades under the name Kate Spade & Co. Liz Claiborne
8%
No matching quizzes found
Score Distribution
Percent of People with Each Score
Percentile by Number Answered
Your Score History
You have not taken this quiz